000 00896nam a22002657a 4500
003 BUBTL
008 231007b ||||| |||| 00| 0 eng d
020 _a9789353506384
041 _aeng
082 _a332.6/ R2736i/ 2019
100 _943
_aReilly, Frank K.
245 _aInvestment Analysis & Portfolio Management /
_cFrank K. Reilly, Keith C. Brown, Sanford J. Leeds
250 _a11th ed.
260 _aAustralia :
_bCengage Learning,
_cc2019
300 _axxiii, 786 p. :
_c25.5 cm
500 _aIncludes References list, Glossary and Index
505 _aInvestment Analysis & Portfolio Management, Frank K. Reilly, Keith C. Brown, Sanford J. Leeds, Finance
526 _aFinance
650 0 _918
_aFinance
700 _95504
_aBrown, Keith C.
700 _95505
_aLeeds, Sanford J.
856 _k0
_l0
_yDownload
942 _2ddc
_cBK
999 _c7107
_d7107